000 00329 a2200133 4500
245 _aThe Impact of Malnutrition on Immune Defense in Parasitic Infestation
100 _aNestlé Foundation
260 _c1981
300 _a199 p.
035 _a3463
999 _c17532
_d17532